English map-making 1500-1650 (Record no. 87684)
[ view plain ]
| 000 -LEADER | |
|---|---|
| fixed length control field | 00865cam a2200217 4500 |
| 001 - CONTROL NUMBER | |
| control field | ##D9414 |
| 008 - FIXED-LENGTH DATA ELEMENTS--GENERAL INFORMATION | |
| fixed length control field | 090401t1983 xxu||||| |||| 00| 0 eng d |
| 020 ## - INTERNATIONAL STANDARD BOOK NUMBER | |
| International Standard Book Number | 0712300104 |
| 035 ## - SYSTEM CONTROL NUMBER | |
| System control number | (Sirsi) u19509 |
| 041 0# - LANGUAGE CODE | |
| Language code of text/sound track or separate title | eng |
| 050 04 - LIBRARY OF CONGRESS CALL NUMBER | |
| Classification number | 526.0942 $2 18 |
| 245 00 - TITLE STATEMENT | |
| Title | English map-making 1500-1650 |
| Remainder of title | historical essays |
| 260 ## - PUBLICATION, DISTRIBUTION, ETC. | |
| Place of publication, distribution, etc. | London |
| Name of publisher, distributor, etc. | British Library |
| Date of publication, distribution, etc. | 1983 |
| 300 ## - PHYSICAL DESCRIPTION | |
| Extent | 125p. |
| Other physical details | [48]p. of plates |
| -- | ill |
| -- | maps |
| Dimensions | 29cm. |
| 350 ## - PRICE (NR) (BK AM CF MU VM SE) [OBSOLETE] | |
| Price | 20 |
| 520 ## - SUMMARY, ETC. | |
| Summary, etc. | Attempts to provide information about various aspects of maps and map-making and related subjects, and to offer some views on the interpretation of map history for the period 1500-1650. Contributors consist of a diverse range of academic backgrounds. |
| 690 ## - LOCAL SUBJECT ADDED ENTRY--TOPICAL TERM (OCLC, RLIN) | |
| Topical term or geographic name as entry element | ENVIRONMENTAL AND LAND CONSULTANCY-GEOMATICS-MAPPING AND POSITIONING-CARTOGRAPHY |
| 700 1# - ADDED ENTRY--PERSONAL NAME | |
| Personal name | Tyacke, Sarah |
| 942 ## - ADDED ENTRY ELEMENTS (KOHA) | |
| Suppress in OPAC | 0 |
| 948 ## - LOCAL PROCESSING INFORMATION (OCLC); SERIES PART DESIGNATOR (RLIN) | |
| c (OCLC) | 04/03/1997 |
| Withdrawn status | Lost status | Source of classification or shelving scheme | Damaged status | Not for loan | Home library | Current library | Shelving location | Date acquired | Cost, normal purchase price | Total Checkouts | Full call number | Barcode | Date last seen | Date last checked out | Copy number | Cost, replacement price | Price effective from | Koha item type |
|---|---|---|---|---|---|---|---|---|---|---|---|---|---|---|---|---|---|---|
| Dewey Decimal Classification | London | London | Basement | 14/09/1999 | 20.00 | 2 | BASEMENT F526.0942 | 30003988 | 26/04/2024 | 23/03/2009 | 1 | 20.00 | 06/08/2019 | Book |